|
|
|
|
| LEADER |
00000cam a2200000 a 4500 |
| 001 |
TAD-112 |
| 005 |
20230308192525.0 |
| 008 |
989000|1989 ||||||||r|||||||||||spa|| |
| 040 |
|
|
|b spa
|
| 041 |
1 |
|
|a spa
|
| 245 |
|
|
|a Transporte urbano y suburbano masivo de pasajeros en la ciudad de Cuenca
|c Jacinto Ortiz C., Bolívar Lara M. Director Aurelio Guerrero Bermeo
|h dact
|
| 264 |
|
|
|a Cuenca
|c 1989
|
| 300 |
|
|
|a 198 páginas:
|b ilu
|c 30 cm
|
| 502 |
|
|
|a Ingeniero Comercial
|b Universidad de Cuenca
|c eco
|d Guerrero Bermeo, Aurelio, dir.
|e ADMINISTRACION DE EMPRESAS
|
| 504 |
|
|
|a incl. ref.
|
| 650 |
|
|
|a Transporte urbano
|9 22083
|
| 650 |
|
|
|a Transporte publico
|9 35938
|
| 650 |
|
0 |
|a Tesis en Administración de Empresas
|9 1126
|
| 700 |
1 |
|
|a Ortiz C., Jacinto
|e coautor
|9 137384
|
| 700 |
1 |
|
|a Lara M. Bolívar
|e coautor
|9 137385
|
| 852 |
|
|
|a UC-CDJBV
|c CUARTO PISO (SECCION TESIS)
|f Donación
|k sara.alvarado
|l 1
|m Limitada
|p 19890000
|q 1.00
|t TAD-112
|y 86072
|b 1
|d CDRC
|e CDRC
|g CUARTO PISO (SECCION TESIS)
|z 1989-90-00
|
| 942 |
|
|
|c TS
|
| 999 |
|
|
|c 79720
|d 79720
|